000 00694cam a2200217 a 4500
020 _a9781420068375 (alk. paper)
020 _a1420068377 (alk. paper)
040 _cDLC
082 0 0 _a352 NOR 1992 C165 Or.
100 1 _aZafarullah, Habib Mohammad
245 1 0 _aManaging development in a globalized world :
_bconcepts, processes, institutions /
300 _axxxiv, 493 pages :
_billustrations ;
_c25 cm
490 1 _aPublic administration and public policy ;
650 0 _aPublic administration
650 0 _aPolitical planning
650 0 _aPolitical development
650 0 _aEconomic development
650 0 _aSocial planning
700 1 _aHuque, Ahmed Shafiqul
942 _cAEDBB
999 _c19341
_d19341